| 000 | 00628nam a2200205 a 4500 | ||
|---|---|---|---|
| 001 | 2745 | ||
| 003 | CDMR | ||
| 005 | 20131021131232.0 | ||
| 008 | 130130s1988||||||||||||||||||||||||||||d | ||
| 020 | _a8431310383 | ||
| 040 |
_aCDMR _bcat _cCDMR |
||
| 100 | 1 |
_aIglesias, Francisco _9318 |
|
| 245 | 1 | 0 |
_aMarketing y gestión de periódicos _cFrancisco Iglesias, Sam Verdeja |
| 260 |
_aPamplona _c1988 _bEdiciones Universidad de Navarra |
||
| 300 | _a248 p. | ||
| 490 | 0 | _aCiencias de la Información (EUNSA) | |
| 650 | 0 | 4 |
_93665 _aEmpreses periodístiques _xDirecció i administració |
| 650 | 0 | 4 |
_93396 _aMàrqueting |
| 942 |
_cMON _2udc |
||
| 999 |
_c2745 _d2745 |
||